[Event "SRB-chT 2nd League"]
[Site "Vrnjacka Banja"]
[Date "2022.11.10"]
[Round "10.3"]
[White "Petakov, Uros"]
[Black "Kovacevic, Dragisa"]
[Result "1-0"]
[WhiteElo "2212"]
[BlackElo "2224"]
[PlyCount "77"]
[EventDate "2022.11.04"]
[EventType "team-tourn"]
[EventRounds "11"]
[EventCountry "SRB"]
[SourceTitle "CBM 211 Extra"]
[Source "ChessBase"]
[SourceDate "2023.01.31"]
[SourceVersion "1"]
[SourceVersionDate "2023.01.31"]
[SourceQuality "1"]
[WhiteTeam "Dec"]
[BlackTeam "Jazak Car Uros"]
[WhiteTeamCountry "SRB"]
[BlackTeamCountry "SRB"]

1. d4 Nf6 2. Nf3 d6 3. g3 g6 4. Bg2 Bg7 5. 0-0 0-0 6. Re1 Nbd7 7. e4 e5 8. dxe5 Nxe5 9. Nd4 Re8 10. Nc3 a6 11. f4 Ned7 12. h3 h5 13. Be3 c6 14. Bf2 Qc7 15. a4 Bh6 16. Qf3 Bg7 17. Rad1 Nb6 18. Qd3 Bf8 19. Nf3 d5 20. Ng5 Bg7 21. Qd4 Nfd7 22. e5 a5 23. b3 Qd8 24. Re2 Re7 25. Rde1 c5 26. Qd2 d4 27. Nb5 Nf8 28. c3 Ne6 29. Ne4 Bd7 30. Nbd6 dxc3 31. Qxc3 Bc6 32. Bxc5 Nd5 33. Qc1 Rd7 34. Rd1 f5 35. exf6 Nxf6 36. Nxf6+ Qxf6 37. Qc4 Re7 38. Bxc6 bxc6 39. Rde1 1-0

[Event "SRB-chT 2nd League"]
[Site "Vrnjacka Banja"]
[Date "2022.11.05"]
[Round "2.6"]
[White "Desnica, Vladan"]
[Black "Petakov, Uros"]
[Result "1-0"]
[WhiteElo "2299"]
[BlackElo "2212"]
[PlyCount "120"]
[EventDate "2022.11.04"]
[EventType "team-tourn"]
[EventRounds "11"]
[EventCountry "SRB"]
[SourceTitle "CBM 211 Extra"]
[Source "ChessBase"]
[SourceDate "2023.01.31"]
[SourceVersion "1"]
[SourceVersionDate "2023.01.31"]
[SourceQuality "1"]
[WhiteTeam "Petrovaradin Kraljica"]
[BlackTeam "Dec"]
[WhiteTeamCountry "SRB"]
[BlackTeamCountry "SRB"]

1. d4 b5 2. e4 Bb7 3. Bxb5 Bxe4 4. Nf3 Nf6 5. c4 e6 6. 0-0 Be7 7. Nc3 Bb7 8. d5 0-0 9. Ba4 Na6 10. Re1 Nc5 11. Bc2 a5 12. Qd4 Ra6 13. Bg5 exd5 14. cxd5 h6 15. Bxf6 Rxf6 16. Ne4 Rf4 17. Qe3 Nxe4 18. Qxf4 Nf6 19. Rad1 Bb4 20. Re2 Bxd5 21. Nd4 Bd6 22. Qh4 Bc4 23. Re3 Nd5 24. Qe4 g6 25. Rf3 Re8 26. Ne6 Rxe6 27. Qxc4 Qg5 28. g3 Nb4 29. Bb3 Nc6 30. Qa6 Ne5 31. Qa8+ Kg7 32. Bxe6 Nxf3+ 33. Qxf3 dxe6 34. Qc3+ Kh7 35. Kg2 Qb5 36. Rd3 Be5 37. Qb3 Qc6+ 38. Kg1 Kg7 39. f4 Qc1+ 40. Rd1 Bd4+ 41. Kg2 Qxb2+ 42. Qxb2 Bxb2 43. Rd7 c5 44. Rc7 Bd4 45. a4 g5 46. Kf3 Kg6 47. Rc6 h5 48. h3 gxf4 49. Kxf4 Kf6 50. g4 hxg4 51. Kxg4 Ke5 52. Kf3 Kd5 53. Rc8 f5 54. h4 Ke5 55. Rf8 Kd6 56. h5 Ke7 57. Ra8 Kf6 58. Rxa5 Kg5 59. h6 e5 60. h7 Kg6 1-0

[Event "Novi Sad TS IM Mix 245th"]
[Site "Novi Sad"]
[Date "2022.03.07"]
[Round "2"]
[White "Petakov, Uros"]
[Black "Leskur, Dejan"]
[Result "1/2-1/2"]
[WhiteElo "2270"]
[BlackElo "2257"]
[PlyCount "29"]
[EventDate "2022.03.07"]
[EventType "tourn"]
[EventRounds "9"]
[EventCountry "SRB"]
[SourceTitle "CBM 207 Extra"]
[Source "ChessBase"]
[SourceDate "2022.05.31"]
[SourceVersion "1"]
[SourceVersionDate "2022.05.31"]
[SourceQuality "1"]

1. c4 e5 2. Nc3 Nf6 3. Nf3 d6 4. d4 exd4 5. Nxd4 g6 6. g3 Bg7 7. Bg2 0-0 8. 0-0 Re8 9. e4 Nbd7 10. h3 Nc5 11. Re1 a5 12. b3 c6 13. Bf4 Nh5 14. Be3 Nf6 15. Bf4 1/2-1/2

[Event "Vojvodina-chT"]
[Site "Novi Sad"]
[Date "2017.11.14"]
[Round "2.1"]
[White "Petakov, Uros"]
[Black "Bokros, Albert"]
[Result "1/2-1/2"]
[WhiteElo "2346"]
[BlackElo "2483"]
[PlyCount "37"]
[EventDate "2017.11.13"]
[EventType "team-tourn"]
[EventRounds "11"]
[EventCountry "SRB"]
[SourceTitle "CBM 181 Extra"]
[Source "ChessBase"]
[SourceDate "2017.12.12"]
[SourceVersion "1"]
[SourceVersionDate "2017.12.12"]
[SourceQuality "1"]
[WhiteTeam "Beska Hajduk"]
[BlackTeam "Krajisnik Krajina"]
[WhiteTeamCountry "SRB"]
[BlackTeamCountry "SRB"]

1. d4 e6 2. e4 b6 3. Bd3 Bb7 4. Be3 c5 5. dxc5 bxc5 6. c4 d6 7. Nc3 Nc6 8. f4 Nf6 9. Nf3 Be7 10. h3 0-0 11. a3 Kh8 12. Bc2 Rb8 13. Qd3 g6 14. 0-0 Ba6 15. Ba4 Na5 16. Bb5 Bxb5 17. cxb5 d5 18. exd5 exd5 19. b4 1/2-1/2

[Event "EU-chT Seniors 50"]
[Site "Novi Sad"]
[Date "2017.06.26"]
[Round "2.1"]
[White "Mortensen, John"]
[Black "Petakov, Uros"]
[Result "0-1"]
[WhiteElo "2069"]
[BlackElo "2326"]
[PlyCount "86"]
[EventDate "2017.06.25"]
[EventType "team-tourn"]
[EventRounds "9"]
[EventCountry "SRB"]
[SourceTitle "CBM 179 Extra"]
[Source "ChessBase"]
[SourceDate "2017.08.23"]
[SourceVersion "1"]
[SourceVersionDate "2017.08.23"]
[SourceQuality "1"]
[WhiteTeam "Denmark 50"]
[BlackTeam "Serbia Chess Kruzok 50"]
[WhiteTeamCountry "DEN"]
[BlackTeamCountry "SRB"]

1. e4 g6 2. d4 Bg7 3. Nc3 c6 4. Nf3 d5 5. Be2 Bg4 6. e5 e6 7. 0-0 Ne7 8. h3 Bxf3 9. Bxf3 c5 10. Be3 cxd4 11. Bxd4 Nbc6 12. Be2 Bxe5 13. Bxe5 Nxe5 14. Qd4 N7c6 15. Qf4 0-0 16. Rad1 Qb6 17. b3 Qb4 18. Qd2 Rac8 19. Rfe1 Rfd8 20. Bf1 Nd7 21. a4 Nf6 22. Bb5 Kg7 23. Bxc6 Rxc6 24. Nb5 Qxd2 25. Rxd2 a6 26. Na3 Rdc8 27. c4 Rb6 28. Rd3 Rc5 29. cxd5 Nxd5 30. Nc4 Rb4 31. g3 b5 32. axb5 axb5 33. Nd2 h5 34. h4 Nf6 35. f3 Rd5 36. Ree3 Rbd4 37. Rxd4 Rxd4 38. Nf1 Nd5 39. Re2 Rd3 40. Nd2 Nc3 41. Rf2 Nd1 42. Re2 Ne3 43. Kf2 Nf5 0-1

[Event "Vojvodina-chT"]
[Site "Novi Sad"]
[Date "2015.11.14"]
[Round "6.1"]
[White "Petakov, Uros"]
[Black "Ivic, Velimir"]
[Result "0-1"]
[WhiteElo "2335"]
[BlackElo "2268"]
[PlyCount "106"]
[EventDate "2015.11.10"]
[EventType "team-tourn"]
[EventRounds "9"]
[EventCountry "SRB"]
[SourceTitle "CBM 169 Extra"]
[Source "ChessBase"]
[SourceDate "2015.12.18"]
[SourceVersion "1"]
[SourceVersionDate "2015.12.18"]
[SourceQuality "1"]
[WhiteTeam "Beska Hajduk"]
[BlackTeam "Banovci Dunav"]
[WhiteTeamCountry "SRB"]
[BlackTeamCountry "SRB"]

1. Nf3 Nf6 2. d4 g6 3. g3 Bg7 4. Bg2 0-0 5. 0-0 d6 6. Re1 Nbd7 7. e4 e5 8. dxe5 dxe5 9. Nbd2 b6 10. b3 Bb7 11. a4 Qe7 12. Ba3 Nc5 13. a5 a6 14. axb6 cxb6 15. Nc4 Rad8 16. Qe2 Qc7 17. Nfd2 Rfe8 18. Bb2 b5 19. Na5 Ba8 20. f3 Ne6 21. Nf1 Bf8 22. c3 Nc5 23. b4 Nd3 24. Reb1 Bh6 25. h3 Rd6 26. Kh2 Red8 27. Rd1 R8d7 28. Rab1 Qd8 29. Ne3 Nh5 30. Ng4 Bf4 31. gxf4 Ndxf4 32. Qc2 Rxd1 33. Rxd1 Rxd1 34. Bc1 Qd3 35. Qxd3 Rxd3 36. Nxe5 Rxc3 37. Bxf4 Nxf4 38. Kg3 Ne2+ 39. Kf2 Nd4 40. Nd7 Nb3 41. Nb6 Nxa5 42. bxa5 Rc2+ 43. Kg3 Bc6 44. Bf1 Ra2 45. Kf4 Rxa5 46. Ke5 Ra1 47. Bd3 Ra3 48. Be2 Re3 49. Bd1 Rd3 50. Bc2 Rxf3 51. Kd6 Rf6+ 52. Kc5 Be8 53. Nd5 Rc6+ 0-1

[Event "Vojvodina-chT"]
[Site "Novi Sad"]
[Date "2015.11.14"]
[Round "5.1"]
[White "Petakov, Uros"]
[Black "Kazakov, Mikhail"]
[Result "1/2-1/2"]
[WhiteElo "2335"]
[BlackElo "2488"]
[PlyCount "129"]
[EventDate "2015.11.10"]
[EventType "team-tourn"]
[EventRounds "9"]
[EventCountry "SRB"]
[SourceTitle "CBM 169 Extra"]
[Source "ChessBase"]
[SourceDate "2015.12.18"]
[SourceVersion "1"]
[SourceVersionDate "2015.12.18"]
[SourceQuality "1"]
[WhiteTeam "Beska Hajduk"]
[BlackTeam "Elemir Naftagas"]
[WhiteTeamCountry "SRB"]
[BlackTeamCountry "SRB"]

1. Nf3 d5 2. d4 Nf6 3. e3 c6 4. Nbd2 Bf5 5. Ne5 Nbd7 6. g4 Nxe5 7. gxf5 Ned7 8. c4 g6 9. Bd3 gxf5 10. Bxf5 e6 11. Bd3 Bd6 12. e4 dxe4 13. Bxe4 Qc7 14. c5 Bf4 15. Qf3 Bxd2+ 16. Bxd2 Nxe4 17. Qxe4 Nf6 18. Qh4 Nd5 19. 0-0-0 b6 20. Rhg1 Qd7 21. Bg5 f6 22. Bh6 bxc5 23. Rg7 Qd6 24. Qh5+ Kd8 25. Qf7 Qe7 26. Qxe7+ Nxe7 27. dxc5+ Ke8 28. Bf4 e5 29. Be3 h5 30. Rd6 Kf8 31. Rg3 Kf7 32. Rf3 Nd5 33. Rxc6 Rac8 34. Rd6 Rhd8 35. Rxd8 Rxd8 36. Bd2 Ke6 37. Rh3 Rh8 38. Ra3 Rh7 39. Ra6+ Kf5 40. Rd6 Ke4 41. b4 Kd4 42. c6 Kc4 43. Rd7 Rh8 44. Rxa7 Rc8 45. c7 Nxc7 46. Ra3 Nb5 47. Rf3 Kd4+ 48. Kd1 Ra8 49. Rxf6 Rxa2 50. Rf8 Kc4 51. Rd8 Nd4 52. Be3 Kd3 53. b5 Ra1+ 54. Bc1 Rb1 55. Rd5 Ke4 56. Rd8 Kd3 57. Rd5 Rxb5 58. Rxb5 Nxb5 59. Ke1 Ke4 60. Bb2 Kf4 61. Ke2 e4 62. Bc1+ Kf5 63. Bb2 Kg4 64. Ke3 Kf5 65. f3 1/2-1/2

[Event "SRB-chT"]
[Site "Palic"]
[Date "2014.09.09"]
[Round "11.5"]
[White "Petakov, Uros"]
[Black "Boskovic, Drasko"]
[Result "0-1"]
[WhiteElo "2366"]
[BlackElo "2438"]
[PlyCount "58"]
[EventDate "2014.08.30"]
[EventType "team-tourn"]
[EventRounds "11"]
[EventCountry "SRB"]
[SourceTitle "CBM 162 Extra"]
[Source "ChessBase"]
[SourceDate "2014.10.17"]
[SourceVersion "1"]
[SourceVersionDate "2014.10.17"]
[SourceQuality "1"]
[WhiteTeam "Pacir Backa"]
[BlackTeam "Subotica Spartak"]
[WhiteTeamCountry "SRB"]
[BlackTeamCountry "SRB"]

1. e4 c5 2. b3 Nc6 3. Bb2 d6 4. Nf3 e5 5. Bc4 g6 6. c3 Bg7 7. b4 Nge7 8. Ng5 0-0 9. Qf3 Qe8 10. h4 h6 11. h5 hxg5 12. hxg6 g4 13. Qg3 Nf5 14. exf5 Bxf5 15. gxf7+ Rxf7 16. Bxf7+ Qxf7 17. Na3 cxb4 18. cxb4 Nxb4 19. 0-0 Nd3 20. Bc3 Bh6 21. Nb5 Qd7 22. Qh2 Kg7 23. Rab1 Rh8 24. Nxd6 Qxd6 25. Rb5 Bf4 26. Qxf4 Nxf4 27. Bxe5+ Kg6 28. Bxh8 Ne2+ 29. Kh1 Qd7 0-1

[Event "SRB-chT"]
[Site "Palic"]
[Date "2014.09.08"]
[Round "10.2"]
[White "Vucinic, Gojko"]
[Black "Petakov, Uros"]
[Result "0-1"]
[WhiteElo "2377"]
[BlackElo "2366"]
[PlyCount "126"]
[EventDate "2014.08.30"]
[EventType "team-tourn"]
[EventRounds "11"]
[EventCountry "SRB"]
[SourceTitle "CBM 162 Extra"]
[Source "ChessBase"]
[SourceDate "2014.10.17"]
[SourceVersion "1"]
[SourceVersionDate "2014.10.17"]
[SourceQuality "1"]
[WhiteTeam "Belgrade Itaka"]
[BlackTeam "Pacir Backa"]
[WhiteTeamCountry "SRB"]
[BlackTeamCountry "SRB"]

1. e4 c6 2. d4 g6 3. Nc3 Bg7 4. Nf3 d6 5. h3 Nf6 6. Be3 b5 7. Bd3 0-0 8. 0-0 a5 9. Qd2 Re8 10. e5 dxe5 11. Nxe5 Nd5 12. f4 Nxe3 13. Qxe3 h6 14. Ne4 f6 15. Nf3 Na6 16. c3 Nc7 17. Qf2 Nd5 18. Nfd2 Ra7 19. a4 b4 20. c4 f5 21. Ng3 Nxf4 22. Qxf4 Qxd4+ 23. Qxd4 Bxd4+ 24. Kh1 Rd7 25. Nb3 Bxb2 26. Rad1 Be5 27. Ne2 Bc7 28. Ned4 e5 29. Nxc6 Rd6 30. Na7 Be6 31. Be2 Ra6 32. Nb5 Rc6 33. Nxc7 Rxc7 34. Nxa5 Ra8 35. Nb3 Rxa4 36. Ra1 Ra3 37. Rxa3 bxa3 38. Ra1 Ra7 39. Ra2 Ra4 40. Nd2 Rb4 41. Rxa3 Rb2 42. Rd3 e4 43. Rd6 Kf7 44. c5 Rc2 45. c6 Ke7 46. Rxe6+ Kxe6 47. Nb3 Kd6 48. Bb5 Rc3 49. Nd4 Ke5 50. Ne2 Rc5 51. Ba4 Kd6 52. g3 Rc4 53. Bb3 Rxc6 54. Kg2 Ke5 55. h4 g5 56. hxg5 hxg5 57. Ba4 Ra6 58. Bb5 Ra3 59. Bc6 f4 60. gxf4+ gxf4 61. Bb7 Ra2 62. Kf1 Rb2 63. Bc6 f3 0-1

[Event "SRB-chT"]
[Site "Palic"]
[Date "2014.09.02"]
[Round "4.3"]
[White "Petakov, Uros"]
[Black "Savic, Miodrag R"]
[Result "1/2-1/2"]
[WhiteElo "2366"]
[BlackElo "2523"]
[PlyCount "29"]
[EventDate "2014.08.30"]
[EventType "team-tourn"]
[EventRounds "11"]
[EventCountry "SRB"]
[SourceTitle "CBM 162 Extra"]
[Source "ChessBase"]
[SourceDate "2014.10.17"]
[SourceVersion "1"]
[SourceVersionDate "2014.10.17"]
[SourceQuality "1"]
[WhiteTeam "Pacir Backa"]
[BlackTeam "Belgrade Lasta"]
[WhiteTeamCountry "SRB"]
[BlackTeamCountry "SRB"]

1. d4 Nf6 2. Nf3 e6 3. e3 b6 4. Bd3 Bb7 5. 0-0 c5 6. c4 Be7 7. Nc3 d6 8. d5 exd5 9. cxd5 a6 10. e4 Nbd7 11. h3 Qc7 12. Nd2 b5 13. b3 0-0 14. Bb2 Rfe8 15. a4 1/2-1/2

[Event "Stari Banovci Vidovdan op"]
[Site "Stari Banovci"]
[Date "2014.06.27"]
[Round "8"]
[White "Bozic, Milan J"]
[Black "Petakov, Uros"]
[Result "0-1"]
[WhiteElo "1801"]
[BlackElo "2352"]
[PlyCount "64"]
[EventDate "2014.06.21"]
[EventType "swiss"]
[EventRounds "9"]
[EventCountry "SRB"]
[SourceTitle "CBM 161 Extra"]
[Source "ChessBase"]
[SourceDate "2014.08.29"]
[SourceVersion "1"]
[SourceVersionDate "2014.08.29"]
[SourceQuality "1"]

1. c4 e5 2. Nc3 g6 3. Nf3 Bg7 4. d4 exd4 5. Nxd4 Nc6 6. Nxc6 bxc6 7. e4 d6 8. Be2 Nf6 9. Bg5 h6 10. Bh4 Rb8 11. f4 Rxb2 12. e5 g5 13. Qc1 Rb8 14. fxg5 Nh7 15. exd6 cxd6 16. Qe3+ Be6 17. 0-0 Nxg5 18. Rae1 Qb6 19. Qxb6 Rxb6 20. Bh5 0-0 21. Ne4 Nxe4 22. Rxe4 Rb4 23. Be7 Rxc4 24. Rxc4 Bxc4 25. Bxf8 Bd4+ 26. Kh1 Bxf1 27. Bxd6 Bd3 28. Bf4 Kg7 29. h4 c5 30. Bf3 Bb2 31. Be3 Ba3 32. Kg1 Bc4 0-1

[Event "Stari Banovci Vidovdan op"]
[Site "Stari Banovci"]
[Date "2014.06.21"]
[Round "1"]
[White "Petakov, Uros"]
[Black "Turan, Mihal"]
[Result "1-0"]
[WhiteElo "2352"]
[BlackElo "1930"]
[PlyCount "49"]
[EventDate "2014.06.21"]
[EventType "swiss"]
[EventRounds "9"]
[EventCountry "SRB"]
[SourceTitle "CBM 161 Extra"]
[Source "ChessBase"]
[SourceDate "2014.08.29"]
[SourceVersion "1"]
[SourceVersionDate "2014.08.29"]
[SourceQuality "1"]

1. d4 g6 2. Nc3 Bg7 3. e4 c5 4. d5 d6 5. Nf3 Nf6 6. Nd2 0-0 7. a4 e6 8. Be2 exd5 9. exd5 Na6 10. Nc4 Re8 11. 0-0 Ne4 12. Nb5 Nc7 13. f3 Nxb5 14. fxe4 Nd4 15. Bd3 f5 16. exf5 Bxf5 17. Bxf5 Nxf5 18. Qd3 Qh4 19. Bf4 Be5 20. Bxe5 dxe5 21. c3 e4 22. Qd2 Rad8 23. Rad1 Qf6 24. Rfe1 Nh4 25. Kh1 1-0

[Event "Gligoric Cup 1st"]
[Site "Banja Koviljaca"]
[Date "2013.05.22"]
[Round "3.5"]
[White "Djuric, Stefan"]
[Black "Petakov, Uros"]
[Result "1-0"]
[WhiteElo "2459"]
[BlackElo "2347"]
[PlyCount "102"]
[EventDate "2013.05.20"]
[EventType "team-swiss"]
[EventRounds "7"]
[EventCountry "SRB"]
[SourceTitle "CBM 154 Extra"]
[Source "ChessBase"]
[SourceDate "2013.06.25"]
[SourceVersion "2"]
[SourceVersionDate "2013.06.25"]
[SourceQuality "1"]
[WhiteTeam "Belgrade Crvena Zvezda"]
[BlackTeam "Stara Pazova"]
[WhiteTeamCountry "SRB"]
[BlackTeamCountry "SRB"]

1. e4 c6 2. d4 g6 3. Nc3 Bg7 4. Nf3 d6 5. Bc4 Nf6 6. e5 dxe5 7. Nxe5 0-0 8. 0-0 Nd5 9. Re1 Be6 10. Ne4 Nc7 11. Bb3 Bxb3 12. axb3 Ne6 13. c3 Qd5 14. Nd3 Na6 15. b4 Nac7 16. Ra5 Qd8 17. Qf3 b6 18. Ra1 Qd5 19. Nd2 Qxf3 20. Nxf3 Rfd8 21. Nde5 Bxe5 22. Nxe5 Rd6 23. Be3 f6 24. Nc4 Rdd8 25. f3 Kf7 26. Bf2 Nb5 27. Bg3 Rac8 28. Re2 Rd7 29. h4 h5 30. Rae1 Ng7 31. Bf2 Rcd8 32. Ne3 Nc7 33. Ra1 Nb5 34. Ra6 Ne6 35. Bg3 Nec7 36. Ra1 Nd5 37. Nc2 Nd6 38. Ree1 Nf5 39. Kh2 Nxg3 40. Kxg3 e6 41. Ra2 Rc7 42. Na3 Ne7 43. Nc4 Nf5+ 44. Kh3 Nd6 45. Ne3 Nf5 46. Nxf5 gxf5 47. Kg3 Rd5 48. Rea1 Rdd7 49. Kf4 Ke7 50. b3 Kd8 51. Re1 b5 1-0